Ejercicios gramaticales i gramática elemental: Tomo III
Saved in:
| Main Author: | |
|---|---|
| Format: | Book |
| Language: | Spanish |
| Published: |
Santiago
Imprenta universitaria
1927
|
| Edition: | 10° ed. |
| Textbook Catalogue: | MANES: Library Catalog Search Result |
| Textbook Classification: |
|
| Tags: |
Add Tag
No Tags, Be the first to tag this record!
|
| Added to: | 2022-02-10 |
| Changed in: | 2025-04-25 |
MARC
| LEADER | 00000nam a22000007a 4500 | ||
|---|---|---|---|
| 005 | 20250425101520.0 | ||
| 008 | 220211b |||||||| |||| 00| 0 spa d | ||
| 040 | |a MGM | ||
| 100 | |9 41630 |a Sálas Marchan, M. | ||
| 245 | |a Ejercicios gramaticales i gramática elemental: Tomo III | ||
| 250 | |a 10° ed. | ||
| 260 | |a Santiago |b Imprenta universitaria |c 1927 | ||
| 300 | |a 222 p. |c 18,5 x 13 cm. | ||
| 546 | |a Chile | ||
| 561 | |5 cl-MGM |3 T 415 S159e T3 2°-3°H |a Chile. Museo Gabriela Mistral |k MANES | ||
| 690 | |a LEN | ||
| 691 | |a SE | ||
| 942 | |2 ddc |c BK | ||
| 999 | |c 99088 |d 99088 | ||
| 999 | |c manes:99088 |d 99088 | ||